00000000nam 2200000zi 4500
0019.931982
003CaOODSP
00520241120113455
006m     o  d f      
007cr |n|||||||||
008231229s1973    qucb    o    f|0| 0 fre d
040 |aCaOODSP|bfre|erda|cCaOODSP
043 |an-cn-qu
0861 |aCW66-1478/1973F-PDF
1001 |aRepentigny, Léo-Guy de, |eauteur.
24510|aÉtude des strigiformes, Réserve du Lac St-François / |cLéo-Guy de Repentigny.
264 1|a[Sainte-Foy, Québec] : |b[Service canadien de la faune], |c1973.
300 |a1 ressource en ligne (13 pages non numérotées) : |bcarte
336 |atexte|btxt|2rdacontent/fre
337 |ainformatique|bc|2rdamedia/fre
338 |aressource en ligne|bcr|2rdacarrier/fre
500 |aÉdition numérisée de l’imprimé [par Environnement et changement climatique Canada].
650 6|aHiboux|zQuébec (Province)|zRéserve nationale de faune du Lac-Saint-François.
650 0|aOwls|zQuébec (Province)|zRéserve nationale de faune du Lac-Saint-François.
651 6|aRéserve nationale de faune du Lac-Saint-François (Québec)
7102 |aService canadien de la faune, |eorganisme de publication.
85640|qPDF|s261 Ko|uhttps://publications.gc.ca/collections/collection_2024/eccc/cw66/CW66-1478-1973-fra.pdf